| 000 | 00571nam a22001577a 4500 | ||
|---|---|---|---|
| 003 | NUST | ||
| 038 | _aNusrat Nadeem | ||
| 082 | _a200 | ||
| 100 |
_aKhan, Mahrukh _9130621 |
||
| 245 |
_aThe Role of Community in Climate Change Mitigation through Afforestation: An Exploratory Study of District Abbottabad, Pakistan/ _cMahrukh Khan, |
||
| 264 |
_aIslamabad: _bS3H NUST. _c2025. |
||
| 650 |
_aMS-Development Studies _9123041 |
||
| 700 |
_aSupervisor: Dr. Tauqeer Hussain Shah _9125297 |
||
| 856 | _u http://10.250.8.41:8080/xmlui/handle/123456789/54835 | ||
| 942 |
_2ddc _cSC |
||
| 999 |
_c614803 _d614803 |
||